Manual de direito penal : (Record no. 517)

MARC details
000 -LÍDER
Campo Fixo de Controle 00670nam a2200229 a 4500
001 - NÚMERO DE CONTROLE
Campo de Controle 517
003 - IDENTIFICAÇÃO DO NÚMERO DE CONTROLE
Campo de Controle BR-CuiBMT
005 - DATA E HORA DA ÚLTIMA ATUALIZAÇÃO
Campo de Controle 20231108190429.0
008 - DADOS FIXOS
Dados Fixos 231108s2015 baba 001 0 por d
020 ## - INTERNATIONAL STANDARD BOOK NUMBER
Nº do ISBN 8544202039
040 ## - AGÊNCIA CATALOGADORA
Código da Agência Catalogadora BR-CuiBMT
Agência que transcreveu o registro BR-CuiBMT
080 ## - Nº DA CLASSIFICAÇÃO DECIMAL UNIVERSAL
Nº edição CDU 2007
Nº Class. CDU 343.2
090 ## - NÚMERO DE CHAMADA
Nº classificação 343.2
Cutter C972m
Ano/Edição 7. ed.
100 1# - ENTRADA PRINCIPAL -- AUTOR PESSOAL
Nome pessoal Cunha, Rogério Sanches
245 10 - TÍTULO PRINCIPAL
Título principal Manual de direito penal :
Subtítulo parte especial (arts.121 ao 361) /
Indicação de responsabilidade Rogério Sanches Cunha
250 ## - EDIÇÃO
Edição 7. ed., rev., ampl. e atual.
260 ## - PUBLICAÇÃO, DISTRIBUIÇÃO, ETC.
Local de publicação Salvador :
Editora Juspodivm,
Data 2015.
300 ## - DESCRIÇÃO FÍSICA
N. páginas ou volumes 912 p. :
Ilustrações il. color. ;
Dimensões 25 cm
504 ## - NOTA DE BIBLIOGRAFIA, ETC.
Nota de bibliografia Inclui bibliografia.
650 ## - ASSUNTO TÓPICO
Cabeçalho tópico ou nome geográfico Direito penal
942 ## - ELEMENTOS DE ENTRADA ADICIONAIS (KOHA)
Fonte de classificação ou esquema de arquivamento Classificação Decimal Universal
Tipo de item do Koha Livros
Holdings
Estado: removido Estado: perdido Fonte de classificação ou esquema de arquivamento Estado: danificado Indisponível para empréstimo Localização permanente Localização atual Data de aquisição Total Checkouts Número de Chamada completo Código de barras Date last seen Número do exemplar Preço efetivo a partir de Tipo de item (Koha)
    Classificação Decimal Universal     Biblioteca da Escola Superior de Contas do TCE/MT Biblioteca da Escola Superior de Contas do TCE/MT 08/11/2023   343.2 C972m BIBTCEMT23110283 08/11/2023 Ex. 1 08/11/2023 Livros

Powered by Koha